| 000 | 00825nam a22001577a 4500 | ||
|---|---|---|---|
| 003 | LRUA | ||
| 005 | 20210917111515.0 | ||
| 008 | 210917b xxu||||| |||| 00| 0 eng d | ||
| 040 | _crua | ||
| 082 | _aVEM SOT 2015 B434 Or. | ||
| 100 |
_914677 _aSOTH VICHHEKA, សុត វិច្ឆិកា |
||
| 245 | _aEffect of antibiotice on diarrhea of suckling pigllet at sre chesa khang cheung commune dong tung district kompot province, ប្រសិទ្ធភាពនៃអង់ទីប៊ីយ៉ូទិចចំពោះជំងឺរាកលឿងកូនជ្រូកកំឡុងពេលបៅដោះនៅឃុំស្រែជាខាងជើង ស្រុកដងទង់ ខេត្តកំពត | ||
| 260 |
_aPHNOM PENH _bPENH _c2015 |
||
| 300 |
_aix; 36p. _bill _c29cm |
||
| 942 |
_2ddc _cVEM |
||
| 999 |
_c19733 _d19733 |
||